[Event "EU-ch U10 rapid"]
[Site "Terme Catez"]
[Date "2023.09.28"]
[Round "4"]
[White "Sason, Noam"]
[Black "Nakonechnyi, Oleksii"]
[Result "1/2-1/2"]
[WhiteElo "1507"]
[BlackElo "1744"]
[PlyCount "94"]
[EventDate "2023.09.28"]
[EventType "swiss (rapid)"]
[EventRounds "9"]
[EventCountry "SLO"]
[SourceTitle "EXT 2024"]
[Source "ChessBase"]
[SourceDate "2023.10.10"]
[SourceVersion "1"]
[SourceVersionDate "2023.10.10"]
[SourceQuality "1"]

1. e4 c5 2. Nf3 d6 3. d4 cxd4 4. Nxd4 Nf6 5. Nc3 g6 6. f3 Bg7 7. Be3 0-0 8. Qd2 Nc6 9. 0-0-0 Nxd4 10. Bxd4 Be6 11. Kb1 Qc7 12. g4 Rfc8 13. h4 Qa5 14. h5 Bc4 15. hxg6 hxg6 16. Bxc4 Rxc4 17. Bxf6 Bxf6 18. Nd5 Qxd2 19. Nxf6+ Kg7 20. Nh5+ gxh5 21. Rxd2 hxg4 22. Rg2 Rg8 23. Rxg4+ Kf8 24. Rxg8+ Kxg8 25. Kc1 Kg7 26. Kd2 Rc5 27. Kd3 f5 28. Rg1+ Kf7 29. c3 fxe4+ 30. fxe4 Rh5 31. Rg2 Rh8 32. Kd4 Ke6 33. c4 a6 34. a4 Rc8 35. Rg3 Rf8 36. Rb3 Rb8 37. Rb6 Kd7 38. Kd5 Kc7 39. Rb3 Kd7 40. Re3 Rh8 41. Rb3 Rh5+ 42. Kd4 Kc6 43. Rf3 Rh2 44. b3 Rd2+ 45. Kc3 Re2 46. Kd3 Rb2 47. Kc3 Re2 1/2-1/2

[Event "Malakhatko Memorial op"]
[Site "Chess.com INT"]
[Date "2023.06.14"]
[Round "5"]
[White "Nakonechnyi, Oleksii"]
[Black "Kazakov, Maksym"]
[Result "1/2-1/2"]
[WhiteElo "1271"]
[BlackElo "2032"]
[PlyCount "168"]
[EventDate "2023.06.14"]
[EventType "swiss (blitz)"]
[EventRounds "11"]
[EventCountry "USA"]
[SourceTitle "CBM 214 Extra"]
[Source "ChessBase"]
[SourceDate "2023.07.31"]
[SourceVersion "1"]
[SourceVersionDate "2023.07.31"]
[SourceQuality "1"]

1. Nf3 c5 2. g3 Nc6 3. Bg2 g6 4. 0-0 Bg7 5. c3 d5 6. d4 cxd4 7. cxd4 Nf6 8. Nc3 Ne4 9. e3 0-0 10. Nxe4 dxe4 11. Ng5 f5 12. Qb3+ Kh8 13. Nf7+ Rxf7 14. Qxf7 e6 15. d5 exd5 16. Rd1 d4 17. exd4 Nxd4 18. Bg5 Be6 19. Qxg7+ Kxg7 20. Bxd8 Rxd8 21. b3 Kf6 22. Kf1 Ke5 23. Rd2 Rc8 24. Rad1 Nc2 25. Re2 Nd4 26. Red2 Nc2 27. Re2 Rc3 28. Bh1 a5 29. Kg1 Nb4 30. Rdd2 Rc1+ 31. Kg2 Bd5 32. a3 e3+ 33. f3 Nc6 34. Rxe3+ Kd6 35. Red3 Ne7 36. Rd1 Rc2+ 37. R3d2 Rc3 38. Kg1 Kc5 39. b4+ axb4 40. axb4+ Kxb4 41. Rb2+ Rb3 42. Rxb3+ Kxb3 43. Rb1+ Kc2 44. Rb6 Bc6 45. f4 Nd5 46. Bxd5 Bxd5 47. Rd6 Bc6 48. Kf2 Kc3 49. Ke3 Kc4 50. Rf6 Be4 51. Rf7 b5 52. Kd2 Kb3 53. Rxh7 b4 54. Kc1 Kc3 55. Rc7+ Kd3 56. Kb2 Ke3 57. Kb3 Kf3 58. Kxb4 Kg2 59. Rh7 Bf3 60. Kc5 Bh5 61. g4 Bxg4 62. Kd5 Bh5 63. Ke5 Kxh2 64. Rxh5+ gxh5 65. Kxf5 Kg3 66. Kg5 h4 67. f5 h3 68. f6 h2 69. f7 h1Q 70. f8Q Qh4+ 71. Kg6 Qg4+ 72. Kf7 Qf5+ 73. Kg7 Qg5+ 74. Kf7 Qh5+ 75. Ke7 Qc5+ 76. Kf7 Qd5+ 77. Kg7 Kg4 78. Qf7 Qd4+ 79. Qf6 Qa7+ 80. Qf7 Qa5 81. Qg6+ Kf4 82. Qf6+ Kg4 83. Qg6+ Qg5 84. Qxg5+ Kxg5 1/2-1/2

[Event "Malakhatko Memorial op"]
[Site "Chess.com INT"]
[Date "2023.06.14"]
[Round "8"]
[White "Prihodko, Alexander"]
[Black "Nakonechnyi, Oleksii"]
[Result "1-0"]
[WhiteElo "2297"]
[BlackElo "1271"]
[PlyCount "81"]
[EventDate "2023.06.14"]
[EventType "swiss (blitz)"]
[EventRounds "11"]
[EventCountry "USA"]
[SourceTitle "CBM 214 Extra"]
[Source "ChessBase"]
[SourceDate "2023.07.31"]
[SourceVersion "1"]
[SourceVersionDate "2023.07.31"]
[SourceQuality "1"]

1. e4 c5 2. Nf3 d6 3. Bc4 e6 4. 0-0 Nc6 5. c3 Nf6 6. Re1 Be7 7. Bb3 0-0 8. d4 d5 9. e5 Nd7 10. Nbd2 Qb6 11. Nf1 g6 12. Ng3 Rd8 13. h4 cxd4 14. cxd4 Na5 15. Bc2 Nc4 16. b3 Na3 17. Bd3 Bb4 18. Bd2 Bxd2 19. Qxd2 a5 20. Rac1 Qb4 21. Qe3 b5 22. h5 Ba6 23. hxg6 hxg6 24. Ne2 Rac8 25. Rxc8 Rxc8 26. g4 a4 27. Kg2 axb3 28. axb3 Qxb3 29. Rh1 Kf8 30. Rh8+ Ke7 31. Qg5+ f6 32. exf6+ Kd6 33. Qf4+ Kc6 34. Rxc8+ Bxc8 35. f7 Qxd3 36. Ne5+ Nxe5 37. dxe5 Qxe2 38. f8Q Qe4+ 39. Qxe4 dxe4 40. Qxc8+ Kd5 41. Qa8+ 1-0

[Event "Malakhatko Memorial op"]
[Site "Chess.com INT"]
[Date "2023.06.14"]
[Round "10"]
[White "Stoliarevsky, Oleg"]
[Black "Nakonechnyi, Oleksii"]
[Result "1-0"]
[WhiteElo "2159"]
[BlackElo "1271"]
[PlyCount "147"]
[EventDate "2023.06.14"]
[EventType "swiss (blitz)"]
[EventRounds "11"]
[EventCountry "USA"]
[SourceTitle "CBM 214 Extra"]
[Source "ChessBase"]
[SourceDate "2023.07.31"]
[SourceVersion "1"]
[SourceVersionDate "2023.07.31"]
[SourceQuality "1"]

1. e4 c5 2. Nc3 d6 3. Nge2 Nc6 4. g3 Nf6 5. Bg2 e6 6. d3 d5 7. exd5 exd5 8. Bg5 Be6 9. Nf4 d4 10. Ncd5 Qa5+ 11. Qd2 Qxd2+ 12. Kxd2 Nxd5 13. Nxd5 Kd7 14. Bf4 Rc8 15. c4 h6 16. h4 Bd6 17. Bxd6 Kxd6 18. Nf4 Rhe8 19. Rhe1 Bf5 20. a3 Na5 21. Rad1 Nc6 22. Bxc6 bxc6 23. b4 Bg4 24. Rb1 Rxe1 25. Rxe1 cxb4 26. axb4 Rb8 27. Rb1 a5 28. b5 cxb5 29. cxb5 Bd7 30. b6 Kc6 31. Ne2 Rxb6 32. Nxd4+ Kb7 33. Ra1 a4 34. Nc2 Rb3 35. d4 Kb6 36. Ne3 Bb5 37. Nd5+ Ka5 38. Nc3 Kb4 39. Nxb5 Kxb5 40. Kc2 Kb4 41. d5 Rc3+ 42. Kd2 Rc8 43. Ke3 a3 44. d6 Rd8 45. Rd1 a2 46. Ke4 Kb3 47. Kd5 Kc2 48. Ra1 Kb2 49. Rxa2+ Kxa2 50. Kc6 Kb2 51. d7 Kc2 52. Kc7 Ra8 53. d8Q Rxd8 54. Kxd8 Kd2 55. Ke7 f5 56. Ke6 g6 57. Kf6 Ke2 58. f4 Kf3 59. Kxg6 Kxg3 60. Kxf5 Kxh4 61. Ke6 Kg4 62. f5 h5 63. f6 h4 64. f7 h3 65. f8Q Kg3 66. Qg7+ Kh2 67. Qg4 Kh1 68. Qxh3+ Kg1 69. Qc3 Kf1 70. Qc2 Kg1 71. Ke5 Kf1 72. Kf4 Kg1 73. Kf3 Kf1 74. Qf2# 1-0